01030nam a22002297a 450000500170000001000150001702000260003203500130005803700130007108200140008424501060009826000350020427000820023930000220032150000670034352001770041070000220058771000230060994200280063299900170066095201230067720140218121254.0 aENG-108525 a9788186307687c595.00 aEN-92058 bDBAD/PUB a306.09541 aSocial forces and politics in North East India /cedited by Apurba K. Baruah [and] Susmita Sen Gupta aGuwahatibDVS Publishersc2013 aH.B. Road PanbazarbGuwahatie781001k2638295l0361-2511789mdvspub@gmail.com a272p. c22cm (Hb) a Includes bibliographical references (p. [251]-264) and index. aMost of the papers presented at the national seminar on "Social Forces and Politics of Regionalism in North-East India", held at North-Eastern Hill University in March 2010 aBaruah, Apurba K. aGupta, Susmita Sen 2ddccENmSOCh306.09541 c79310d79310 001040708NFICaBNbBNd2013-09-12eDBAD/PUBg595.00l0o306.09541 SOCpEN-92058r2013-09-12 00:00:00t1v595.00yEN